| 000 | 01227cam a2200265 i 4500 | ||
|---|---|---|---|
| 003 | SA-RiAUC | ||
| 005 | 20250421075109.0 | ||
| 008 | 250408s1969 ua g 000 0 ara c | ||
| 040 |
_aQA-DoQUL _bara _cSA-RiAUC _erda |
||
| 082 | 0 | 4 |
_a258.2 _qSA-RiAUC |
| 090 |
_a258.2 _b د ا هـ |
||
| 100 | 1 |
_aالداه الشنقيطي، محمد بن أحمد، _d1334-1403 هجري _eمؤلف. |
|
| 245 | 1 | 2 |
_aالفتح الرباني : _bشرح على نظم رسالة ابن أبي زيد القيرواني / _cتأليف محمد بن أحمد الداه الشنقيطي. |
| 264 | 1 |
_aالقاهرة : _bمكتبة القاهرة، _c1969 |
|
| 300 |
_a3 مجلد في 1 ؛ _c28 سم |
||
| 336 |
_aنص _btxt _2rdacontent _3كتاب |
||
| 337 |
_aبدون وسيط _bn _2rdamedia |
||
| 338 |
_aمجلد _bnc _2rdacarrier |
||
| 650 | 7 |
_aالفقه المالكي _2aucsh |
|
| 650 | 7 |
_aالفقه الإسلامي _xمذاهب _2aucsh |
|
| 700 | 1 | 2 |
_aابن أبي زيد القيرواني، عبد الله بن عبد الرحمن بن أبي زيد، _d310-386 هجرى. _tالرسالة. |
| 740 | 0 | 2 | _aرسالة ابن أبي زيد القيرواني. |
| 942 |
_2ddc _cBOOK _n0 |
||
| 949 |
_aSA-JeALM _d250408 _umohamedma123 _n1 |
||
| 999 |
_c7253 _d7253 |
||